01128nam a22001817a 4500003000900000008004100009040007100050082002200121245002400143260004500167300002800212440003900240505058200279650002500861650001700886650001400903700002900917AR-CdUCM190425b ||||| |||| 00| 0 spa d aMUNICIPALIDAD PROVINCIAL DEL CUSCOcBIBLIOTECA MUNICIPAL DEL CUSCO aRev.DIO/N°2/1936 aRevista diocesana / aCusco :bTalleres Cusco Imperial,c1936. a35 páginas. :c20 cm. aRevista Diocesana.nAño I, N°2. aContenido: Encíclica sobre espectáculos cinematográficos a los venerables hermanos arzobispos i obispos de los Estados Unidos de América i demás ordinarios en paz i opinión con la sede Apostólica. -- Sagrada congregación del concilio decreto sobre la organización de las peregrinaciones de los fieles a los santuarios más célebres. -- Importantísimos documentos para la historia eclesiástica del Cuzco. -- Bula de creación de la Santa Iglesia Catedral i Obispado del Cuzco. -- Disposiciones civiles sobre bautismos y sepultación de cadáveres.... aDiócesis del Cusco aCatolicismo  aCatecismo aRecharte, José Ángel